[Event "ECF Schools-ch"]
[Site "Nottingham"]
[Date "2024.06.27"]
[Round "1.5"]
[White "Wilkinson, Hugo"]
[Black "Abdelalim, Hussien"]
[Result "1/2-1/2"]
[WhiteElo "1553"]
[BlackElo "1336"]
[PlyCount "123"]
[EventDate "2024.06.27"]
[EventType "team-swiss"]
[EventRounds "5"]
[EventCountry "ENG"]
[SourceTitle "EXT 2025"]
[Source "ChessBase"]
[SourceDate "2024.10.14"]
[SourceVersion "1"]
[SourceVersionDate "2024.10.14"]
[SourceQuality "1"]
[WhiteTeam "Altrincham Grammar School"]
[BlackTeam "Nottingham High School II"]
[WhiteTeamCountry "ENG"]
[BlackTeamCountry "ENG"]

1. e4 c6 2. d4 d5 3. e5 Bf5 4. Nf3 e6 5. c4 Bb4+ 6. Bd2 Bxd2+ 7. Nbxd2 Nd7 8. Be2 Ne7 9. Nh4 Qb6 10. Nxf5 Nxf5 11. Nb3 a5 12. cxd5 cxd5 13. Bg4 a4 14. Bxf5 axb3 15. Bg4 bxa2 16. 0-0 0-0 17. Re1 Rfc8 18. Re2 Rc4 19. Rd2 Qa7 20. Be2 Rb4 21. b3 Nb8 22. Qc2 Nc6 23. Rxa2 Qxa2 24. Qxa2 Rxa2 25. Rxa2 g6 26. Bd1 Nxd4 27. Ra4 Nc6 28. Rxb4 Nxb4 29. f4 h5 30. Kf2 b6 31. Be2 Kf8 32. Bb5 Nc2 33. Ba4 Ke7 34. h3 h4 35. g4 hxg3+ 36. Kxg3 Nd4 37. b4 b5 38. Bd1 f6 39. exf6+ Kxf6 40. Kf2 Kf5 41. Ke3 e5 42. fxe5 Kxe5 43. h4 Nf5+ 44. Kf2 Nxh4 45. Be2 Kd4 46. Bxb5 Kc3 47. Bc6 d4 48. b5 Nf5 49. b6 Nd6 50. Ke1 Kb4 51. b7 Nxb7 52. Bxb7 Kc5 53. Kd2 Kd6 54. Be4 g5 55. Bf5 Ke5 56. Bg4 Ke4 57. Ke2 Kf4 58. Bh3 Kg3 59. Be6 Kf4 60. Kd3 Ke5 61. Bg4 Kd5 62. Bh3 1/2-1/2

[Event "ECF Schools-ch"]
[Site "Nottingham"]
[Date "2024.06.27"]
[Round "2.5"]
[White "Wilkinson, Hugo"]
[Black "Botgros, Alex"]
[Result "0-1"]
[WhiteElo "1553"]
[BlackElo "1700"]
[PlyCount "82"]
[EventDate "2024.06.27"]
[EventType "team-swiss"]
[EventRounds "5"]
[EventCountry "ENG"]
[SourceTitle "EXT 2025"]
[Source "ChessBase"]
[SourceDate "2024.10.14"]
[SourceVersion "1"]
[SourceVersionDate "2024.10.14"]
[SourceQuality "1"]
[WhiteTeam "Altrincham Grammar School"]
[BlackTeam "City of London School"]
[WhiteTeamCountry "ENG"]
[BlackTeamCountry "ENG"]

1. e4 c6 2. d4 d5 3. Bd3 dxe4 4. Bxe4 Nf6 5. Qe2 Qxd4 6. Bd3 Bg4 7. Nf3 Qd8 8. h3 Bh5 9. Bg5 e6 10. Nc3 Be7 11. 0-0-0 Nd5 12. Bxe7 Qxe7 13. Nxd5 cxd5 14. g4 Bg6 15. Ne5 Bxd3 16. Rxd3 Nc6 17. Nxc6 bxc6 18. Rc3 Rc8 19. Qa6 Qc7 20. Ra3 0-0 21. Qxa7 Qd6 22. Rf1 c5 23. Qa6 Qf4+ 24. Kb1 c4 25. Qa5 d4 26. Qe1 Rfd8 27. Qc1 Qe4 28. f3 Qd5 29. Qf4 e5 30. Qe4 Qb5 31. Re1 d3 32. cxd3 cxd3 33. Rb3 Qa5 34. Qb4 Qd5 35. Qd2 Qxf3 36. Rxe5 Qxh3 37. Rc3 Rxc3 38. bxc3 h6 39. Re3 Qh1+ 40. Qc1 Rb8+ 41. Ka1 Qxc1# 0-1